000 00324nam a2200145Ia 4500
008 230718s9999 xx 000 0 und d
041 _aEng.
082 _a345.92
_bCAR-B
100 _aCarr, Claudia
245 0 _aBeginning Climindalein
260 _aPakistan
_bpress
_c204
300 _a165
650 _aLaw
999 _c31900
_d31900